| 000 | 00826cam a22001934a 4500 | ||
|---|---|---|---|
| 005 | 20250605164142.0 | ||
| 008 | 250528s ||||||||||||||||||||||||d | ||
| 035 | _a19012 | ||
| 020 | _a860919331 | ||
| 040 |
_aGR-AtMCL _bgre _dGR-AtMCL _eAACR2 |
||
| 245 | 1 | _aCritique of Cynical Reason | |
| 260 |
_bVerso, _c1988 |
||
| 300 | _a560 | ||
| 520 | _aSloterdijk defines cynicism as ''enlightened false consciousness'', a sensibility which is well off and miserable at the same time, able to function in the workaday world yet assailed by doubt and paralysis. Foreword, Preface, Acknowledgements, Sightings: Five Preliminary Reflections, Cynicism in World Process, Physiognomic Main Text, Logical Main Text, Historical Main Text, Index. | ||
| 700 | 1 |
_aSloterdijk Peter _95293 |
|
| 942 | _cBK | ||
| 999 |
_c4302 _d4302 |
||